00654nam a2200241 a 4500001001300000003000900013005001700022008004100039020000800080082001900088100001600107245001900123260003400142300000900176500003500185505001000220650002300230700001600253902000800269942000700277952011500284999001300399nice12345678IN_TiNIC20260116011353.0050524s1965 dela grp 000 0 urd  ac500a297.1227bABD3 aAbdul Hai,  aAasaan Tafseer aDelhibMaktaba Alhasnatc1965 a500p aincludes index and biblioraphy2 aTable aQuran-Hermeneutics1 aAbdul Hai,  bSRS cBK 001040708StackRoom-aHMIbHMId2007-08-01g5.00l0o297.1227 ABD3p02507r2007-08-01v5.00w2005-05-24yBK c937d937